000 00562nam a2200181Ia 4500
999 _c31216
_d31216
003 OSt
005 20200728115155.0
008 190216s9999||||xx |||||||||||||| ||und||
020 _a8122403719
040 _coclc
082 _a510.934
_bMUR/M
100 _aMurthy, T S Bhanu
_93819
245 0 _aA Modern Introduction To Ancient Indian Mathematics /
_c T S Bhanu Murthy
260 _bNew Age International Publishers,
_c1995.
_aNew Delhi:
300 _a214p
650 _aMathematics
942 _cBK
_2ddc
_h510.934
_iMUR/M
_k510.934
_mMUR/M